<?xml version="1.0" encoding="UTF-8"?>
<record
    xmlns:xsi="http://www.w3.org/2001/XMLSchema-instance"
    xsi:schemaLocation="http://www.loc.gov/MARC21/slim http://www.loc.gov/standards/marcxml/schema/MARC21slim.xsd"
    xmlns="http://www.loc.gov/MARC21/slim">

  <leader>00536cam a22001932a 4500</leader>
  <controlfield tag="001">  006823</controlfield>
  <controlfield tag="003">  AR-FADEU</controlfield>
  <controlfield tag="008">  311216n1976####xxu####################dd</controlfield>
  <datafield tag="092" ind1=" " ind2=" ">
    <subfield code="a">320.018</subfield>
    <subfield code="b">B949</subfield>
  </datafield>
  <datafield tag="100" ind1=" " ind2=" ">
    <subfield code="a">Burdeau, Georges</subfield>
  </datafield>
  <datafield tag="245" ind1=" " ind2=" ">
    <subfield code="a">M&#xE9;todo de la ciencia pol&#xED;tica</subfield>
  </datafield>
  <datafield tag="260" ind1=" " ind2=" ">
    <subfield code="a">Buenos Aires</subfield>
  </datafield>
  <datafield tag="260" ind1=" " ind2=" ">
    <subfield code="b">Depalma</subfield>
  </datafield>
  <datafield tag="260" ind1=" " ind2=" ">
    <subfield code="c">1976</subfield>
  </datafield>
  <datafield tag="300" ind1=" " ind2=" ">
    <subfield code="a">481 p</subfield>
  </datafield>
  <datafield tag="440" ind1=" " ind2=" ">
    <subfield code="a">Biblioteca de ciencia pol&#xED;tica,  asociaci&#xF3;n zrgentina de ciencia pol&#xED;tica </subfield>
    <subfield code="n">1</subfield>
  </datafield>
  <datafield tag="650" ind1=" " ind2=" ">
    <subfield code="a">CIENCIA POLITICA-METODO; POLITICA; PODER</subfield>
  </datafield>
  <datafield tag="942" ind1=" " ind2=" ">
    <subfield code="c">BDGR</subfield>
  </datafield>
  <datafield tag="999" ind1=" " ind2=" ">
    <subfield code="c">12637</subfield>
    <subfield code="d">12637</subfield>
  </datafield>
  <datafield tag="952" ind1=" " ind2=" ">
    <subfield code="0">0</subfield>
    <subfield code="1">0</subfield>
    <subfield code="4">0</subfield>
    <subfield code="7">0</subfield>
    <subfield code="a">AR-FADEU</subfield>
    <subfield code="b">AR-FADEU</subfield>
    <subfield code="d">2017-02-21</subfield>
    <subfield code="i">1754</subfield>
    <subfield code="l">0</subfield>
    <subfield code="o">320.018 B949</subfield>
    <subfield code="p">1754</subfield>
    <subfield code="r">2017-02-21 00:00:00</subfield>
    <subfield code="w">2017-02-21</subfield>
    <subfield code="y">BDGR</subfield>
  </datafield>
  <datafield tag="952" ind1=" " ind2=" ">
    <subfield code="0">0</subfield>
    <subfield code="1">0</subfield>
    <subfield code="4">0</subfield>
    <subfield code="7">0</subfield>
    <subfield code="a">AR-FADEU</subfield>
    <subfield code="b">AR-FADEU</subfield>
    <subfield code="d">2017-02-21</subfield>
    <subfield code="i">1793</subfield>
    <subfield code="l">0</subfield>
    <subfield code="o">320.018 B949</subfield>
    <subfield code="p">1793</subfield>
    <subfield code="r">2017-02-21 00:00:00</subfield>
    <subfield code="w">2017-02-21</subfield>
    <subfield code="y">BDGR</subfield>
  </datafield>
  <datafield tag="952" ind1=" " ind2=" ">
    <subfield code="0">0</subfield>
    <subfield code="1">0</subfield>
    <subfield code="4">0</subfield>
    <subfield code="7">0</subfield>
    <subfield code="a">AR-FADEU</subfield>
    <subfield code="b">AR-FADEU</subfield>
    <subfield code="d">2017-02-21</subfield>
    <subfield code="i">2283</subfield>
    <subfield code="l">0</subfield>
    <subfield code="o">320.018 B949</subfield>
    <subfield code="p">2283</subfield>
    <subfield code="r">2017-02-21 00:00:00</subfield>
    <subfield code="w">2017-02-21</subfield>
    <subfield code="y">BDGR</subfield>
  </datafield>
  <datafield tag="952" ind1=" " ind2=" ">
    <subfield code="0">0</subfield>
    <subfield code="1">0</subfield>
    <subfield code="4">0</subfield>
    <subfield code="7">0</subfield>
    <subfield code="a">AR-FADEU</subfield>
    <subfield code="b">AR-FADEU</subfield>
    <subfield code="d">2017-02-21</subfield>
    <subfield code="i">2284</subfield>
    <subfield code="l">0</subfield>
    <subfield code="o">320.018 B949</subfield>
    <subfield code="p">2284</subfield>
    <subfield code="r">2017-02-21 00:00:00</subfield>
    <subfield code="w">2017-02-21</subfield>
    <subfield code="y">BDGR</subfield>
  </datafield>
</record>
